Исследование физико-химических свойств бинарных и некоторых тройных амальгамных систем на основе металлов II-V B-подгрупп периодической системы элементов Д. И. Менделеева: автореферат диссертации на соискание ученой степени кандидата химических наук; спец. 02.00.04

Detalles Bibliográficos
Autor principal: Киселев В. Ф. Владимир Филиппович
Autor Corporativo: Академия наук Казахской ССР (АН КазССР) Институт органического катализа и электрохимии (ИОКЭ)
Otros Autores: Козин Л. Ф. (научный руководитель), Нигметова Р. Ш.
Sumario:Защита сост. 3.03.1981 г.
Lenguaje:ruso
Publicado: Алма-Ата, [Б. и.], 1981
Materias:
Formato: Libro
KOHA link:https://koha.lib.tpu.ru/cgi-bin/koha/opac-detail.pl?biblionumber=336436

MARC

LEADER 00000nam0a2200000 4500
001 336436
005 20231102004844.0
035 |a (RuTPU)RU\TPU\book\362852 
090 |a 336436 
100 |a 20171013d1981 k y0rusy50 ca 
101 0 |a rus 
102 |a KZ 
105 |a a dm 001zy 
200 1 |a Исследование физико-химических свойств бинарных и некоторых тройных амальгамных систем на основе металлов II-V B-подгрупп периодической системы элементов Д. И. Менделеева  |e автореферат диссертации на соискание ученой степени кандидата химических наук  |e спец. 02.00.04  |f В. Ф. Киселев  |g Академия наук Казахской ССР (АН КазССР), Институт органического катализа и электрохимии (ИОКЭ) ; науч. рук. Л. Ф. Козин, Р. Ш. Нигметова 
210 |a Алма-Ата  |c [Б. и.]  |d 1981 
215 |a 24 с.  |c ил. 
300 |a Защита сост. 3.03.1981 г. 
320 |a Библиогр.: с. 22-24 (20 назв.) 
606 1 |a Амальгамные системы  |x Физико-химические свойства  |2 stltpush  |3 (RuTPU)RU\TPU\subj\21977  |9 46879 
610 1 |a вязкость 
610 1 |a удельное электросопротивление 
610 1 |a плотность 
610 1 |a измерение 
610 1 |a методы 
610 1 |a бинарные системы 
610 1 |a тройные амальгамные системы 
610 1 |a сложные амальгамы 
610 1 |a оценка 
610 1 |a расчет 
610 1 |a авторефераты диссертаций 
610 1 |a библиотека А. Г. Стромберга 
675 |a 669.79(04)  |v 4 
686 |a 02.00.04  |2 oksvnk 
700 1 |a Киселев  |b В. Ф.  |g Владимир Филиппович 
702 1 |a Козин  |b Л. Ф.  |4 727 
702 1 |a Нигметова  |b Р. Ш.  |4 727 
712 0 2 |a Академия наук Казахской ССР (АН КазССР)  |b Институт органического катализа и электрохимии (ИОКЭ)  |c (Алма-Ата)  |2 stltpush  |3 (RuTPU)RU\TPU\col\15443 
801 1 |a RU  |b 63413507  |c 20171013 
801 2 |a RU  |b 63413507  |c 20180205  |g RCR 
942 |c BK